000 002800000a22000970004500
100 1 _aTamez, Elsa
245 1 0 _aEducación teológica : Compañerismo, conversasión y comunión
300 _aVol. 18, Num 1. (Junio, 1998), Páginas 5-15
773 0 _tVida y pensamiento
942 _cANA
999 _c53084
_d53084